| 000 | 00697cam a2200229 i 4500 | ||
|---|---|---|---|
| 005 | 20260224121743.0 | ||
| 008 | 250721s2000 xxua gr 000 0 eng d | ||
| 020 | _a007319372 | ||
| 082 | 1 | 4 |
_a658.15 _bR O S |
| 100 | 1 |
_aross, stephen A _eEditor. |
|
| 245 | 1 | 0 |
_afundamentals of corporate finance / _cStephen A. Ross, Randolph Westerfield, Bradford D. Jordan |
| 250 | _afifth edition. | ||
| 264 | 3 | 1 |
_anew york : _birwin mcgraw hill, _c2000. |
| 300 | _a799 page. | ||
| 500 | _ainclude index | ||
| 650 | 1 | 7 | _aCORPORATIONS. |
| 650 | 1 | 7 | _aFINANCE. |
| 700 | 1 |
_awesterfield, randolph w _eeditor |
|
| 700 | 1 |
_ajordan, bradford D _eeditor |
|
| 942 |
_2ddc _cBK |
||
| 999 |
_c109776 _d109776 |
||